000 00325nam a2200133Ia 4500
008 150201s2006 xx 000 0 und d
082 _a610.7343
_bC06S
100 _aSRIDHAR , RAO
245 _aCOMMUNITY HEATH NURSING
260 _bAITBS
_aDELHI
_c2006
300 _a5374
650 _aCOMMUNITy NURSING
942 _2ddc
_cBK
_022
999 _c1903
_d1903